| Tag |
First Indicator |
Second Indicator |
Subfields |
| LEADER |
00000cgm a2200000Mi 4500 |
| 001 |
in00005580452 |
| 006 |
m o c |
| 007 |
cr |n||||||||a |
| 007 |
vz |za|z| |
| 008 |
210427s2018 enk015 e o vneng d |
| 005 |
20241201232612.5 |
| 035 |
|
|
|a (OCoLC)on1251433712
|
| 040 |
|
|
|a ALSTP
|b eng
|e rda
|c ALSTP
|d OCLCO
|d OCLCF
|d OCLCO
|d CJT
|d OCLCL
|d OCLCQ
|
| 019 |
|
|
|a 1373513107
|
| 024 |
8 |
|
|a ASP5113635/marc
|
| 035 |
|
|
|a (OCoLC)1251433712
|z (OCoLC)1373513107
|
| 049 |
|
|
|a TXAM
|
| 245 |
0 |
0 |
|a My pet and me.
|n Series 2, episode 19,
|p Wiley the dog /
|c director, Mark Young ; CBeebies BBC.
|
| 246 |
3 |
3 |
|a My pet and me :
|b vet tales
|
| 246 |
3 |
0 |
|a Wiley the dog
|
| 264 |
|
1 |
|a London, England :
|b BBC Worldwide,
|c 2018.
|
| 300 |
|
|
|a 1 online resource (15 minutes)
|
| 306 |
|
|
|a 001438
|
| 336 |
|
|
|a two-dimensional moving image
|b tdi
|2 rdacontent
|
| 337 |
|
|
|a computer
|b c
|2 rdamedia
|
| 337 |
|
|
|a video
|b v
|2 rdamedia
|
| 338 |
|
|
|a online resource
|b cr
|2 rdacarrier
|
| 347 |
|
|
|a video file
|2 rda
|
| 490 |
0 |
|
|a My Pet And Me: Vet Tales, Series 2
|
| 500 |
|
|
|a "Vet tales".
|
| 500 |
|
|
|a Title from resource description page (viewed April 27, 2021).
|
| 511 |
0 |
|
|a Presenters: Ferne Corrigan, Rory Crawford.
|
| 520 |
|
|
|a Ferne and sisters Florence and Violet take their dog Wiley to the vet. Rory meets a zoo vet who needs to take a blood test from a meerkat.
|
| 546 |
|
|
|a In English.
|
| 650 |
|
0 |
|a Pets.
|
| 650 |
|
0 |
|a Pet medicine.
|
| 650 |
|
0 |
|a Veterinary medicine.
|
| 650 |
|
6 |
|a Animaux familiers.
|
| 650 |
|
6 |
|a Médecine des animaux familiers.
|
| 650 |
|
6 |
|a Médecine vétérinaire.
|
| 650 |
|
7 |
|a Pet medicine.
|2 fast
|0 (OCoLC)fst01059166
|
| 650 |
|
7 |
|a Pets.
|2 fast
|0 (OCoLC)fst01059908
|
| 650 |
|
7 |
|a Veterinary medicine.
|2 fast
|0 (OCoLC)fst01165977
|
| 655 |
|
7 |
|a Children's television programs.
|2 fast
|0 (OCoLC)fst01920774
|
| 655 |
|
7 |
|a Educational television programs.
|2 fast
|0 (OCoLC)fst01726149
|
| 655 |
|
7 |
|a Juvenile works.
|2 fast
|0 (OCoLC)fst01411637
|
| 655 |
|
7 |
|a Educational television programs.
|2 lcgft
|
| 655 |
|
7 |
|a Children's television programs.
|2 lcgft
|
| 655 |
|
7 |
|a Émissions éducatives télévisées.
|2 rvmgf
|
| 655 |
|
7 |
|a Émissions télévisées pour enfants.
|2 rvmgf
|
| 700 |
1 |
|
|a Young, Mark
|c (Producer),
|e director.
|1 https://id.oclc.org/worldcat/entity/E39PCjMhqBxW4TydcMbFPby36X
|
| 710 |
2 |
|
|a CBeebies,
|e production company.
|
| 710 |
2 |
|
|a BBC Worldwide Ltd.,
|e film distributor.
|
| 758 |
|
|
|i has work:
|a My pet and me Wiley the dog Series 2, episode 19 (MovingImage)
|1 https://id.oclc.org/worldcat/entity/E39PCFCprY6mXXKwPX8xCw4gJC
|4 https://id.oclc.org/worldcat/ontology/hasWork
|
| 856 |
4 |
0 |
|u http://proxy.library.tamu.edu/login?url=https://www.aspresolver.com/aspresolver.asp?MARC;5113635
|z Connect to this streaming video (Alexander Street Press)
|t 0
|
| 955 |
|
|
|a Alexander Street Press subscription streaming video
|
| 994 |
|
|
|a 92
|b TXA
|
| 999 |
f |
f |
|s 2926ec0b-6710-49b9-94c2-d071d120f6c3
|i e851f115-f1c6-41c2-a1d3-5136257d9dd1
|t 0
|
| 952 |
f |
f |
|a Texas A&M University
|b College Station
|c Electronic Resources
|d Available Online
|t 0
|h Library of Congress classification
|
| 998 |
f |
f |
|t 0
|l Available Online
|